000 00441nam a2200181Ia 4500
001 4056
005 20260306145728.0
008 260306t2001||||xx |||||||||||||| ||spa||
041 _aESP
082 _a306.85
_bH12 Nº 17
100 _aRos Amador, Carlos
_eAUT
245 0 _aLos estudios y el desarrollo intelectual
260 _c2001
300 _a266 páginas :
_c19 cm.
650 _aGEN
654 _aCED
942 _cLIB
_dJUS
_fJUS
_2ddc
_n
999 _c4056
_d4056